Organic chemistry, Vol 2 / (Record no. 15426)
[ view plain ]
| 000 -LEADER | |
|---|---|
| fixed length control field | 00299cam a2200133ua 4500 |
| 020 ## - INTERNATIONAL STANDARD BOOK NUMBER | |
| ISBN | 978-775-8541-4 |
| 082 ## - DEWEY DECIMAL CLASSIFICATION NUMBER | |
| Classification number | 547 |
| Item number | FIN/OR |
| 100 ## - MAIN ENTRY--AUTHOR NAME | |
| Personal name | Finar, I L . |
| 245 ## - TITLE STATEMENT | |
| Title | Organic chemistry, Vol 2 / |
| 250 ## - EDITION STATEMENT | |
| Edition statement | 5/ |
| 260 ## - PUBLICATION, DISTRIBUTION, ETC. (IMPRINT) | |
| Place of publication | South Asia |
| Name of publisher | pearson |
| Year of publication | 1975 |
| 300 ## - PHYSICAL DESCRIPTION | |
| Number of Pages | 834 ; . |
| 942 ## - ADDED ENTRY ELEMENTS (KOHA) | |
| Koha item type | Books |
| Withdrawn status | Lost status | Damaged status | Home library | Current library | Date acquired | Cost, normal purchase price | Full call number | Accession Number | Koha item type |
|---|---|---|---|---|---|---|---|---|---|
| KAUAET | KAUAET | 29/05/2018 | 950.50 | 547 FIN/OR | BB 393 | Book Bank scheme for SC students |
